[Event "Baden ch-U18"]
[Site "Karlsruhe"]
[Date "2006.01.03"]
[Round "2.2"]
[White "Naumann, Marius"]
[Black "Farmani Anosheh, Yasha"]
[Result "0-1"]
[WhiteElo "1184"]
[BlackElo "1899"]
[PlyCount "90"]
[EventDate "2006.01.02"]
[EventType "swiss"]
[EventRounds "7"]
[EventCountry "GER"]
[SourceTitle "EXT 2007"]
[Source "ChessBase"]
[SourceDate "2006.11.23"]
[SourceVersion "1"]
[SourceVersionDate "2006.11.23"]
[SourceQuality "1"]

1. d4 d6 2. Bf4 Nf6 3. e3 Nbd7 4. h3 c6 5. Nf3 Qc7 6. Be2 e5 7. dxe5 dxe5 8. Bh2 Be7 9. Nbd2 b5 10. 0-0 0-0 11. c4 a6 12. a4 bxa4 13. Qxa4 Rb8 14. Rab1 Rb4 15. Qc2 Re8 16. Ra1 Bd6 17. Ra4 Rb8 18. Bd3 Nc5 19. Ra2 e4 20. Bxd6 Qxd6 21. Bxe4 Nfxe4 22. Nxe4 Nxe4 23. Rd1 Qf6 24. Rd4 Nc5 25. Rf4 Qg6 26. Qxg6 hxg6 27. Nd4 Nd3 28. Nxc6 Rb6 29. Rd4 Nc1 30. c5 Rxc6 31. Ra5 Ne2+ 32. Kf1 Nxd4 33. exd4 Re4 34. d5 Rc7 35. c6 Re5 36. b4 Bf5 37. g3 Bd3+ 38. Kg1 Bb5 39. d6 Rxc6 40. d7 Rd6 41. d8Q+ Rxd8 42. Ra1 Rd4 43. h4 Rxb4 44. Rc1 Rb2 45. Rc8+ Kh7 0-1